Hrad Bouzov /
| Hlavní autor: | Marek, Jiří |
|---|---|
| Další autoři: | Marková, Zuzana, Zatloukalová, Jitka |
| Jazyk: | Ruština Němčina Čeština Angličtina |
| Vydáno: |
Olomouc : Národní památkový ústav, územní odborné pracoviště v Olomouci, 2007 |
| Vydání: | 1. vyd. |
| Témata: | |
| Fyzický popis: |
[96] s. : il. (převážně barev.), portréty ; 21 cm |
| Language note: |
Souběžný anglický, německý a ruský text |
|
| LEADER | 01654nam a2200469 a 4500 | ||
|---|---|---|---|
| 001 | nkc20071782296 | ||
| 003 | CZ PrNK | ||
| 005 | 20080313133918.0 | ||
| 007 | ta | ||
| 008 | 071207s2007 xr ac e 000 0 cze | ||
| 015 | |a cnb001782296 | ||
| 020 | |a 978-80-86570-12-9 |q (váz.) | ||
| 035 | |a (OCoLC)228600787 | ||
| 040 | |a OLA001 |b cze | ||
| 041 | 1 | |a cze |a eng |a ger |a rus |h cze | |
| 043 | |a e-xr--- |b e-xr-ol |2 czenas | ||
| 072 | 7 | |a 72 |x Architektura |2 Konspekt |9 21 | |
| 080 | |a 728.81 |2 MRF | ||
| 080 | |a (437.325) |2 MRF | ||
| 080 | |a (084.12) |2 MRF | ||
| 100 | 1 | |a Marek, Jiří |7 ola2008419309 |4 aut | |
| 245 | 1 | 0 | |a Hrad Bouzov / |c [autoři Jiří Marek, Zuzana Marková ; fotografie Jitka Zatloukalová] |
| 246 | 3 | 0 | |a Bouzov |
| 250 | |a 1. vyd. | ||
| 260 | |a Olomouc : |b Národní památkový ústav, územní odborné pracoviště v Olomouci, |c 2007 | ||
| 300 | |a [96] s. : |b il. (převážně barev.), portréty ; |c 21 cm | ||
| 500 | |a 2500 výt. | ||
| 546 | |a Souběžný anglický, německý a ruský text | ||
| 650 | 0 | 7 | |a hrady |7 ph120854 |z Česko |2 czenas |
| 650 | 0 | 9 | |a castles |z Czechia |2 eczenas |
| 655 | 7 | |a fotografické publikace |7 fd132276 |2 czenas | |
| 655 | 9 | |a photographical works |2 eczenas | |
| 610 | 2 | 7 | |a Bouzov (hrad) |7 kn20030314015 |2 czenas |
| 651 | 7 | |a Bouzov (Česko) |7 ge170942 |2 czenas | |
| 651 | 9 | |a Bouzov (Czechia) |2 eczenas | |
| 700 | 1 | |a Marková, Zuzana |7 ola2008419307 |4 aut | |
| 700 | 1 | |a Zatloukalová, Jitka |7 ola2008419308 |4 pht | |
| 910 | 2 | |a BOA001 |b 2-1197.095 | |
| 990 | |a BK | ||
| 995 | |a 01 | ||
| 991 | |b 200801 |c NOV | ||
| 996 | 6 | |b 2610329567 |c 2-1197.095 |l MZK |r Sklad / do 1 hodiny |n 0 |p p.v. |w 000879805 |u 000010 |a 1 |e BOA001 |j MZK50 |s P | |
English
Čeština 